| 000 | 00683nam a2200217 i 4500 | ||
|---|---|---|---|
| 001 | 130287 | ||
| 003 | ES-MaACL | ||
| 005 | 20250728110714.0 | ||
| 007 | t| | ||
| 008 | 070725s1970 sp a |||| | spa d | ||
| 100 | 1 |
_aZahonero Vivó, José. _9117851 |
|
| 245 | 1 | 3 |
_aEl dogma católico / _cpor José Zahonero Vivó..., Miguel A. Martín Penalba. |
| 250 | _a10ª ed. | ||
| 260 |
_aAlcoy : _bMarfil, _c1970. |
||
| 300 |
_a222 p. : _bil. ; _c21 cm. |
||
| 500 | _aPrecede al tít.: Estudios de Bachillerato. Sexto Curso. | ||
| 650 | 0 | 7 |
_aReligión _2embne _916797 |
| 700 | 1 |
_aMartín Penalba, Miguel A. _977600 |
|
| 852 |
_aES-MaACL _jC-45695 |
||
| 999 |
_c130287 _d130287 |
||